Main leksikon

Titel: Main leksikon = My lexicon / Meilech Rawiṭš
Verfasser:
Veröffentlicht: Monṭreal, Kanade : Lipshitz
Format: Mehrteiliges Werk
Sprache: Jiddisch
Schlagworte:
Bände: alle Bände anzeigen
Kein Bild verfügbar
X
alg: 11029593
001A    $00030:17-03-03 
001B    $01999:27-11-24 $t12:15:16.000 
001D    $00030:17-03-03 
001U    $0utf8 
001X    $00 
002@    $0Acu 
002C    $aText $btxt $2rdacontent 
002D    $aohne Hilfsmittel zu benutzen $bn $2rdamedia 
002E    $aBand $bnc $2rdacarrier 
003@    $0110295935 
003O    $0175081905 $aOCoLC 
007A    $0110295935 $aHEB 
010@    $ayid 
013D    $RLexikon $#Dictionaries $#Dictionnaires $#Reallexikon Formbegriff $#Sachwörterbuch Formbegrif $#Sprachwörterbuch $#Vokabular Wörterbuch $#Vokabularium $#Wörterbücher $#Dictionary $74066724-8 $8Wörterbuch [Ts1] $9085187623 
021A    $aMain leksikon $fMy lexicon $hMeilech Rawiṭš 
027A    $aMy lexicon 
028A    $BVerfasser $#ראוויטש, מלך $#Raviṭsh, Melekh $#Raviṭsh, Meylekh $#Raviṭš, Meilech $#Ravitsch, Melech $#Ravitch, Melech $#Ravitch, M. $#Rawiṭš, Meleḵ $#Rawicz, Mełech $#Rawitsch, Melech $#Bergner, Zekharye K. $#Bergner, Zekharye Khone $#Bergner, Zeḵaryā Ḥ. $#Bergner, Sacharja-Chone $#Bergner, Zechariah Choneh $#Rawiṭš, Meilech $#Ravich, M. $#רביץ', מלך $#רויץ', מלך $#ברגנר, חנא זכריה $#בערגנער, זכריה חנא $4aut $711901002X $8Ravitch, Melech$Z1893-1976 [Tp1] $9087350289 
033A    $pMonṭreal, Kanade $nLipshitz 
046L    $aIn hebräischer Schrift, jiddisch 

lok: 11029593 3
101B    $019-03-19 $t16:37:20.000 
101C    $008-02-18 
101U    $0utf8 
145S/06 $a770 
145S/07 $a760 
145Z/01 $a907 900 Ma 0163 
145Z/02 $a907 900 Mb 0700 
145Z/03 $a907 900 T 246 A 0063 

exp: 11029593 3 1 #EPN
201B/01 $017-03-03 $t21:17:33.000 
203@/01 $0181899159 
208@/01 $a17-03-03 $bdummy 
201U/01 $0utf8 

lok: 11029593 78

exp: 11029593 78 1 #EPN
201B/01 $014-06-23 $t22:27:57.000 
201C/01 $014-06-23 
203@/01 $01236039939 
208@/01 $a14-06-23 $bdummy 
201U/01 $0utf8
LEADER 00000cam a2200000 ca4500
001 110295935
003 DE-603
005 20241127121516.0
007 tu
008 030317s xx |||| | u00||u|yid c
035 |a (DE-599)HEB110295935 
035 |a (OCoLC)175081905 
040 |a DE-603  |b ger  |c DE-603  |d DE-603 
041 |a yid 
100 1 |a Ravitch, Melech  |d 1893-1976  |e Verfasser  |4 aut  |0 (DE-603)087350289  |0 (DE-588)11901002X  |2 gnd 
245 0 0 |a Main leksikon  |b = My lexicon  |c Meilech Rawiṭš 
246 1 3 |a My lexicon 
264 1 |a Monṭreal, Kanade  |b Lipshitz 
336 |a Text  |b txt  |2 rdacontent 
337 |a ohne Hilfsmittel zu benutzen  |b n  |2 rdamedia 
338 |a Band  |b nc  |2 rdacarrier 
546 |a In hebräischer Schrift, jiddisch 
655 7 |a Wörterbuch  |2 gnd-content  |0 (DE-588)4066724-8  |0 (DE-603)085187623 
924 0 |9 603  |a (DE-603)181899159  |b DE-603  |c HES  |d d 
924 0 |9 603  |a (DE-603)1236039939  |b DE-603  |c HES  |d d